MDQL
is popping MORE tags! Check the
thread
!
Quizzes
Events
Quiz Creation
Community
Videos
Private Events
Remove Ads
Sign In
Join for FREE
Feedback
Dark Mode
Quiz Categories
Sports
Geography
Music
Movies
Television
Just For Fun
Miscellaneous
History
Literature
Language
Science
Gaming
Entertainment
Religion
Holiday
For Kids
Quiz Lab
Recent
Popular Today
Quiz Kudos Today
Editor Picks
Curator Picks
Quizzes by...
Day
Popularity
Type
Ratings
Length
Year
Community
Subscriptions
Recent Discussions
Orange Saloon
Badges
Playlists
Quests
Create
Leaderboards
Showdown
Live 5
Trivia Bingo
Activity
Puzzle Library
Sporcle Events
Private Events
Virtual Trivia
Globe League
Become a Host
Pub Owners
SporcleCon
Opinionation
Our Games
Videos
Blog
Mobile Apps
Partnerships
Remove Ads and Go Orange
Feedback
Sports
Athletes
MLB
NBA
NHL
NFL
Soccer
Sports Teams
WWE
NCAA
Football
Premier League
Basketball
Baseball
Hockey
Golf
Tennis
Cricket
Rugby
Auto Racing
Olympics
World Cup
Sports
Athletes
MLB
NBA
NHL
NFL
Soccer
Sports Teams
WWE
NCAA
Football
Premier League
Basketball
Baseball
Hockey
Golf
Tennis
Cricket
Rugby
Auto Racing
Olympics
World Cup
Random Quiz
Search Sporcle
×
Quiz Lab
Quiz Lab
Sports
NBA
Type answers based on single images at one time
Type answers based on single images at one time
Slideshow
Best Score? Go Orange.
NBA Players Who Wore Uniform Number 12 Stats
Can you name the NBA Players Who Wore Uniform Number 12?
By
nicok
20m
92 Questions
241 Plays
241 Plays
241 Plays
Comments
Comments
Give Quiz Kudos
Give Quiz Kudos
-
- Ratings
hide this ad
Replay
Link that replays current quiz
Next Quiz
Link to next quiz in quiz playlist
You Got
0%
They Got
Avg Score
27%
Avg Friend Score
Upgrade to see
Score Distribution
Jump to the score distribution portion of the page
Score
0/92
Timer
20:00
0
Plays Today
% Correct
Michael Jordan
97.9%
Dwight Howard
91.7%
John Stockton
84.2%
LaMarcus Aldridge
81.3%
Andrew Bogut
73.9%
Steven Adams
70.5%
Vlade Divac
63.5%
Patrick Beverley
62.7%
Tayshaun Prince
62.7%
Tobias Harris
62.2%
Jabari Parker
56.4%
Eric Bledsoe
56%
Bruce Bowen
55.2%
Kelly Oubre
53.9%
Kevin Martin
53.9%
Evan Turner
53.5%
Chris Andersen
49.8%
Dominique Wilkins
46.1%
Detlef Schrempf
44%
D.J. Augustin
43.6%
Leandro Barbosa
41.1%
T.J. McConnell
38.2%
Shannon Brown
37.3%
T.J. Warren
36.1%
Will Bynum
35.7%
Alexis Ajinca
35.3%
Aron Baynes
33.2%
Ish Smith
32.4%
Kendall Marshall
31.5%
Joe Harris
31.1%
Zoran Dragic
30.7%
% Correct
Fat Lever
30.7%
Pat Riley
29.5%
Mickael Pietrus
28.6%
Rafer Alston
28.2%
Derek Harper
27.8%
Marquis Teague
27.8%
Earl Boykins
27%
Terry Rozier
27%
Nenad Krstic
26.6%
Nick Calathes
26.1%
Ricky Davis
26.1%
Tyrus Thomas
26.1%
Kevin Ollie
25.3%
MarShon Brooks
24.9%
Brevin Knight
22.8%
Gary Neal
22.8%
John Jenkins
21.2%
Rasho Nesterovic
19.5%
Damien Wilkins
17.4%
Jorge Gutierrez
15.4%
Chucky Atkins
14.5%
Hilton Armstrong
14.5%
Jeff Adrien
14.5%
Jordan McRae
14.5%
Juan Dixon
14.1%
Jannero Pargo
14.1%
Moochie Norris
13.3%
Speedy Claxton
13.3%
A.J. Price
11.6%
Bimbo Coles
11.6%
D.J. White
11.2%
% Correct
Howard Eisley
11.2%
Michael Curry
11.2%
Matt Maloney
10.8%
Dan Dickau
10.4%
Johnny Dawkins
10%
Von Wafer
10%
Al Thornton
9.5%
Luc Mbah a Moute
9.5%
Jake Tsakalidis
9.5%
Lucious Harris
9.5%
Royal Ivey
9.1%
Sleepy Floyd
8.7%
JaJuan Johnson
7.1%
Ronald Dupree
7.1%
Josh Powell
7.1%
Vander Blue
7.1%
Chris Johnson
5.4%
Chris Whitney
5.4%
Mike Penberthy
5%
Travis Diener
5%
Don Chaney
4.6%
Terrel Harris
3.7%
Marcus Haislip
3.7%
Donald Sloan
3.3%
Trey Johnson
3.3%
James Nunnally
3.3%
Ronnie Lester
3.3%
D.J. Kennedy
2.9%
Cory Alexander
2.5%
Darwin Cook
2.5%
Quiz Playlist
Details
Report
Send in Message
Add To Playlist
Slideshow:
Type answers based on single images at one time
Last Updated: Feb 16, 2017
Quiz Scoreboard
CHALLENGE
Sign Up to Join the Scoreboard
Show All
Scores
Hide
Comments
May contain spoilers
Recently Published
Street Fighter Characters
by Artimus82
Gaming
60s
9x9 Crossword: Cartoon Network
by jackfrog10
Miscellaneous
3m
College Basketball Coaching Resumes
by pancakes188
Sports
9m
More to Explore
Quiz From the Vault
Featured Blog Post
Where Did the Easter Bunny Come From?
hide this ad
You Might Also Like...
Tags
NBA Quiz
Jersey Numbers
NBA Player
uniform
Today's Top Quizzes in Sports
Browse Sports
hide this ad
Today's Top Quizzes in NBA
Browse NBA
Top Contributed Quizzes in Sports
1
2022 World Cup Stars
2
Les meilleurs buteurs des matchs entre le PSG et l’OM
3
FIFA Club World Cup Champions
4
Les entraîneurs de l'OM et du PSG au 21e siècle
5
Criteria MLB: Left Handed Sluggers
6
2023 MLB Unique Player Accomplishments
7
AFC Teams Reveal (Wrong Answers Minefield)
8
5-to-1: FBS Animal Nicknames
9
Players with Multiple 50 Home Run Seasons
10
5-to-1: UK Sports Teams
Explore More
Trending Topics
NBA
Disney
Anime
Kpop
Marvel
Crossword
Harry Potter
Puzzle
Pokémon
Song
WWE
NFL
Soccer
The Office
Country
hide this ad
More By:
nicok
Quiz
Plays
Rating
Category
Featured
Created
New Player in the NBA Logo
717
4.75
Sports
Jun 8, 2017
NBA Players Cartoons (slideshow)
653
4.73
Sports
Jan 13, 2014
ESPN's World Fame 100
563
4.71
Sports
Jun 1, 2016
Jugadores de la era Tabarez
516
5.00
Sports
Jan 22, 2022
NBA Players Who Wore Uniform Number 0
473
5.00
Sports
Apr 8, 2015
Go to Creator's Profile
Score Distribution
Quiz Creator Spotlight
nicok
Follow
Send a Message
Quizzes Created
-
Created Quiz Play Count
-
More By This Creator
Popular Quizzes Today
1
Find the US States - No Outlines Minefield
2
Find the Countries of Europe - No Outlines Minefield
3
The Countries of the World
4
Find the US States
5
Risky Map Clicking: Biggest States A-Z
6
US States
7
Popular People in 1961
8
Movies - When Are They Set?
More Sports Quizzes
Most Quarterbacks in the NFL by College (2015)
Curator's Pick
Trending Quizzes
Risky Map Clicking: Least Populous States A-Z
Countries of the World: 200 Million BC
1-10 Letter G Words
Risky Map Clicking: Next State Alphabetically
Adjectives in 80s TV Shows
Recently Updated
Leaping Animals
pecheneg
Reality TV Shows (A-Z)
bhenderson79
Rickey Henderson's Hall of Fame Teammates
pecheneg
Champions League XIs: Arsenal
pecheneg
Quick Pick: Celebrities in WWE's Hall of Fame
aduchscher
A-Z Keypad Blitz II
pecheneg
Multiple Oscar Actors
pecheneg
Mystery Phrase Blitz: Oscar 'Best Actors'
pecheneg
F. Scott Fitzgerald Novels
LTH
Pick 3 Villains
ddd62291
Trending Topics
NBA
Disney
Anime
Crossword
Harry Potter
Kpop
Marvel
Soccer
NFL
WWE
Country
Pokémon
Song
Puzzle
The Office
Your Account Isn't Verified!
In order to create a playlist on Sporcle, you need to verify the email address you used during registration. Go to your
Sporcle Settings
to finish the process.
Report this User
Report this user for behavior that violates our
Community Guidelines
.
Details:
Send Report
Go to the Sporcle.com Mobile Site →
Comments